A history of the australasian colonies (Record no. 84697)

MARC details
000 -LEADER
campo de control de longitud fija 00433nam a2200145 i 4500
001 - NÚMERO DE CONTROL
campo de control 84697
003 - IDENTIFICADOR DE NÚMERO DE CONTROL
campo de control ES-MaACL
007 - CAMPO FIJO DE DESCRIPCIÓN FÍSICA--INFORMACIÓN GENERAL
campo de control de longitud fija t|
008 - DATOS DE LONGITUD FIJA--INFORMACIÓN GENERAL
campo de control de longitud fija 041123s1912 xxu ||||1| eng d
100 1# - ENTRADA PRINCIPAL--NOMBRE DE PERSONA
Nombre de persona Jenks, Edward.
9 (RLIN) 66302
245 12 - MENCIÓN DEL TÍTULO
Título A history of the australasian colonies
Resto del título : (from their fundation to the year 1911) /
Mención de responsabilidad, etc. Edward Jenks.
260 ## - PUBLICACIÓN, DISTRIBUCIÓN, ETC.
Lugar de publicación, distribución, etc. Cambridge :
Nombre del editor, distribuidor, etc. [s.n.,
Fecha de publicación, distribución, etc. 1912]
300 ## - DESCRIPCIÓN FÍSICA
Extensión XIX, 376 p. ;
Dimensiones 19 cm.
852 ## - LOCALIZACIÓN
Ubicación ES-MaACL
Número de control de estantería C-988
Holdings
Estatus retirado Estado de pérdida Estado de daño No para préstamo Biblioteca de origen Biblioteca actual Ubicación en estantería Fecha de adquisición Fuente de adquisición Total de préstamos Signatura topográfica completa Código de barras Visto por última vez Precio de reemplazo Tipo de ítem Koha
        Biblioteca del Ateneo de Madrid Biblioteca del Ateneo de Madrid Sala Palomar 17/01/2008     C-988 1088515 23/02/2023 23/02/2023 Libro impreso